№ 5; Кабель-NEWS

Manylion Llyfryddiaeth
Parent link:Кабель-NEWS: Информационно-аналитическое издание. № 5.— , 2010-
Iaith:Rwseg
Cyhoeddwyd: 2014
Fformat: Llyfr
KOHA link:https://koha.lib.tpu.ru/cgi-bin/koha/opac-detail.pl?biblionumber=536812

MARC

LEADER 00000nam2a2200000 4500
001 536812
005 20231101113812.0
035 |a (RuTPU)RU\TPU\prd\226099 
090 |a 536812 
100 |a 20141120a20099999k y0rusy50 ca 
101 0 |a rus 
102 |a RU 
200 0 |a № 5 
210 |d 2014 
461 1 |0 (RuTPU)RU\TPU\prd\77733  |t Кабель-NEWS  |o Информационно-аналитическое издание  |v № 5  |d 2010- 
801 0 |a RU  |b 63413507  |c 20010227  |g PSBO 
801 1 |a RU  |b 63413507  |c 20141120 
801 2 |a RU  |b 63413507  |c 20230504  |g RCR 
942 |c BK 
999 |a НТБ_ТПУ  |b НФ  |e -1/20140109  |p П-9460  |s 3/20140704  |u 0,00  |v 1